000 01343cam a22002174a 4500
005 20250605164136.0
008 250528s ||||||||||||||||||||||||d
035 _a18774
020 _a80182138
040 _aGR-AtMCL
_bgre
_dGR-AtMCL
_eAACR2
245 1 _aThe Planning of Investment Programs in the Fertilizer Industry
260 _bThe John Hopkins University Press,
_c1980
300 _a336
520 _aThis volume deals specifically with the formulation of sector Wide investment programs in the fertilizer industry. Preface, General Methodology, Introduction, The Fertilizer Industry: Some Terminology, The Production of Nitrogenous Fertilizers, The Production of Phosphatic Fertilizers, The Production of Potassic Fertilizers, The Production of Multi Nutrient Fertilizers, Problems in Fertilizer Sector Planning, Planning Models for the Fertilizer Sector, The Complete Investment Planning Model, The Egyptian Fertilizer Sector: A Case Study, An Analysis of the Egyptian Fertilizer Sector in 1975, A Medium-Term Planning Model of the Egyptian Fertilizer Sector, Results of the Dynamic Analysis, Computer-Readable Representation of the Model, Index.
700 1 _aChoksi Armeane M
_95020
700 1 _aMeeraus Alexander
_95021
700 1 _aStoutjesdijk Ardy J
_95022
942 _cBK
999 _c4089
_d4089